Viaje de Felipe Segundo a Inglaterra / (Record no. 181591)
[ view plain ]
| 000 -LEADER | |
|---|---|
| campo de control de longitud fija | 01176nam a2200277 i 4500 |
| 001 - NÚMERO DE CONTROL | |
| campo de control | 181591 |
| 003 - IDENTIFICADOR DE NÚMERO DE CONTROL | |
| campo de control | ES-MaACL |
| 005 - FECHA Y HORA DE LA ÚLTIMA TRANSACCIÓN | |
| campo de control | 20250930063155.0 |
| 008 - DATOS DE LONGITUD FIJA--INFORMACIÓN GENERAL | |
| campo de control de longitud fija | 130221s1877 sp a |||| | spa d |
| 080 ## - NÚMERO DE LA CLASIFICACIÓN DECIMAL UNIVERSAL | |
| Número de la Clasificación Decimal Universal | 929 Felipe (460) II |
| 100 1# - ENTRADA PRINCIPAL--NOMBRE DE PERSONA | |
| Nombre de persona | Muñoz, Andrés, |
| Fechas asociadas al nombre | fl. 1554 |
| 9 (RLIN) | 152324 |
| 245 10 - MENCIÓN DEL TÍTULO | |
| Título | Viaje de Felipe Segundo a Inglaterra / |
| Mención de responsabilidad, etc. | por Andrés Muñoz (impreso en Zaragoza en 1554) y Relaciones varias relativas al mismo suceso. |
| 260 ## - PUBLICACIÓN, DISTRIBUCIÓN, ETC. | |
| Lugar de publicación, distribución, etc. | Madrid : |
| Nombre del editor, distribuidor, etc. | Sociedad de Bibliófilos Españoles, |
| Fecha de publicación, distribución, etc. | 1877. |
| 300 ## - DESCRIPCIÓN FÍSICA | |
| Extensión | XXIX, 226 p. : |
| Otras características físicas | [2] h. de lám. ; |
| Dimensiones | 24 cm. |
| 490 1# - MENCIÓN DE SERIE | |
| Mención de serie | Sociedad de Bibliófilos Españoles ; |
| Designación de volumen o secuencia | 15 |
| 500 ## - NOTA GENERAL | |
| Nota general | Índices. |
| 594 ## - Nota al título y mención de responsabilidad | |
| Nota al título y mención de responsabilidad | Las relaciones son cartas relatando otros viajes |
| 600 07 - PUNTO DE ACCESO ADICIONAL DE MATERIA--NOMBRE DE PERSONA | |
| Nombre de persona | Felipe |
| Numeración | II, |
| Títulos y otros términos asociados al nombre | Rey de España- |
| Subdivisión general | Viajes |
| Fuente del encabezamiento o término | |
| 9 (RLIN) | 160902 |
| 600 04 - PUNTO DE ACCESO ADICIONAL DE MATERIA--NOMBRE DE PERSONA | |
| Nombre de persona | Felipe |
| Numeración | II, |
| Títulos y otros términos asociados al nombre | Rey de España- |
| Subdivisión de forma | Correspondencia |
| 9 (RLIN) | 49177 |
| 600 04 - PUNTO DE ACCESO ADICIONAL DE MATERIA--NOMBRE DE PERSONA | |
| Nombre de persona | María |
| Títulos y otros términos asociados al nombre | Reina consorte de Felipe II, Rey de España. |
| 9 (RLIN) | 152325 |
| 651 #4 - PUNTO DE ACCESO ADICIONAL DE MATERIA--NOMBRE GEOGRÁFICO | |
| Nombre geográfico | España- |
| Subdivisión general | Historia- |
| Subdivisión cronológica | 1556-1598, Felipe II. |
| 9 (RLIN) | 8218 |
| 710 2# - ENTRADA AGREGADA--NOMBRE DE ENTIDAD CORPORATIVA | |
| Nombre de entidad corporativa o nombre de jurisdicción como elemento de entrada | Sociedad de Bibliófilos Españoles. |
| 9 (RLIN) | 6661 |
| 830 00 - PUNTO DE ACCESO ADICIONAL DE SERIE-TÍTULO UNIFORME | |
| Título uniforme | Sociedad de Bibliófilos Españoles |
| Designación de volumen o secuencia | 15 |
| 9 (RLIN) | 187662 |
| 852 4# - LOCALIZACIÓN | |
| Ubicación | ES-MaACL |
| Número de control de estantería | J-7(15) |
| Estatus retirado | Estado de pérdida | Estado de daño | No para préstamo | Colección | Biblioteca de origen | Biblioteca actual | Ubicación en estantería | Fecha de adquisición | Fuente de adquisición | Total de préstamos | Signatura topográfica completa | Código de barras | Visto por última vez | Precio de reemplazo | Tipo de ítem Koha |
|---|---|---|---|---|---|---|---|---|---|---|---|---|---|---|---|
| Libros del s. XIX | Biblioteca del Ateneo de Madrid | Biblioteca del Ateneo de Madrid | Depósito 2 | 21/02/2013 | J-7(15) | 1190835 | 23/02/2023 | 23/02/2023 | Libro impreso antiguo |
